000 00551nam a2200181Ia 4500
003 LK-CoDNM
008 010623t1933 xxu||||| |||| 00| 1 sin d
040 _aLK-CoDNM
_dLK-CoDNM
_eLK-CoDNM
041 _asin
080 _a72.01
_bAMA
100 _aAmarasinghe, B.A.
245 _aගොඩනැගිලි තැනීම සහ ඇස්තමේන්තු සෑදීම
246 _aGodanegili theniima saha asthamenthu seedeema
260 _bM.D.Gunasena
_aColombo
_c1933
300 _b75, 21.5 cm
650 _aArchitecture
942 _cBK
999 _c96719
_d96719